header

Biology / (Record no. 251334)

MARC details
000 -LEADER
fixed length control field 01127cam a2200325 a 4500
001 - CONTROL NUMBER
control field 15042028
003 - CONTROL NUMBER IDENTIFIER
control field OSt
005 - DATE AND TIME OF LATEST TRANSACTION
control field 20151116131448.0
008 - FIXED-LENGTH DATA ELEMENTS--GENERAL INFORMATION
fixed length control field 071012s2009 cauab b 001 0 eng
010 ## - LIBRARY OF CONGRESS CONTROL NUMBER
LC control number 2007042662
020 ## - INTERNATIONAL STANDARD BOOK NUMBER
International Standard Book Number 9780805368444 (alk. paper)
International Standard Book Number 0805368442 (alk. paper)
035 ## - SYSTEM CONTROL NUMBER
System control number (OCoLC)ocn174138981
System control number (OCoLC)174138981
040 ## - CATALOGING SOURCE
Original cataloging agency DLC
Transcribing agency DLC
Modifying agency BTCTA
-- BAKER
-- DLC
050 00 - LIBRARY OF CONGRESS CALL NUMBER
Classification number QH308.2
Item number .C34 2009
082 00 - DEWEY DECIMAL CLASSIFICATION NUMBER
Classification number 570
Edition number 22
100 1# - MAIN ENTRY--PERSONAL NAME
Personal name Campbell, Neil A.,
Dates associated with a name 1946-2004.
245 10 - TITLE STATEMENT
Title Biology /
Statement of responsibility, etc Neil A. Campbell, Jane B. Reece.
250 ## - EDITION STATEMENT
Edition statement 8th ed.
260 ## - PUBLICATION, DISTRIBUTION, ETC. (IMPRINT)
Place of publication, distribution, etc San Francisco :
Name of publisher, distributor, etc Pearson Benjamin Cummings,
Date of publication, distribution, etc c2009.
300 ## - PHYSICAL DESCRIPTION
Extent xlvi, 1267 p. :
Other physical details col. ill., col. maps ;
Dimensions 29 cm.
504 ## - BIBLIOGRAPHY, ETC. NOTE
Bibliography, etc Includes bibliographical references and index.
650 #0 - SUBJECT ADDED ENTRY--TOPICAL TERM
Topical term or geographic name as entry element Biology.
700 1# - ADDED ENTRY--PERSONAL NAME
Personal name Reece, Jane B.
856 41 - ELECTRONIC LOCATION AND ACCESS
Materials specified Table of contents only
Uniform Resource Identifier <a href="http://www.loc.gov/catdir/toc/ecip082/2007042662.html">http://www.loc.gov/catdir/toc/ecip082/2007042662.html</a>
906 ## - LOCAL DATA ELEMENT F, LDF (RLIN)
a 7
b cbc
c orignew
d 1
e ecip
f 20
g y-gencatlg
942 ## - ADDED ENTRY ELEMENTS (KOHA)
Source of classification or shelving scheme Library of Congress Classification
Koha item type Long Loan Books
Holdings
Withdrawn status Lost status Source of classification or shelving scheme Damaged status Not for loan Collection code Home library Current library Date acquired Total Checkouts Total Renewals Full call number Barcode Date last seen Date checked out Price effective from Koha item type Shelving location
    Library of Congress Classification     Non-fiction Rongo University Library Rongo University Library 16/11/2015 6 1 QH308.2 .C34 2009 20157525 20/11/2017 04/10/2017 16/11/2015 Long Loan Books  
    Library of Congress Classification     Non-fiction Rongo University Library Rongo University Library 13/07/2018 1   QH308.2 .C34 2009 201801137 04/03/2020 26/02/2020 13/07/2018 Long Loan Books General Stacks

© 2026 Rongo University
Contact us: librarian | system librarian | Rongo university